000 00447nam a2200181Ia 4500
001 9895
005 20260306161752.0
008 260306t2012||||xx |||||||||||||| ||spa||
041 _aESP
082 _a808.0461
_bR47
100 _aReyes, Graciela
_eAUT
245 0 _aCómo escribir bien en español:
_bmanual de redacción
260 _c2012
300 _a375 páginas :
_c21 cm.
650 _aGEN
654 _aCHU
942 _cLIB
_dJUS
_fJUS
_2ddc
_n
999 _c9895
_d9895